Normal view
MARC view
- PERKINS, W. T
Entry Personal Name
001 - CONTROL NUMBER
- control field: 79917
003 - CONTROL NUMBER IDENTIFIER
- control field: NUST
005 - DATE AND TIME OF LATEST TRANSACTION
- control field: 20210628210543.0
008 - FIXED-LENGTH DATA ELEMENTS
- fixed length control field: 210628|| aca||aabn | a|a d
040 ## - CATALOGING SOURCE
- Original cataloging agency: NUST
- Transcribing agency: NUST
100 ## - HEADING--PERSONAL NAME
- Personal name: PERKINS, W. T
670 ## - SOURCE DATA FOUND
- Source citation: Work cat.: (NUST): PERKINS, W. T, ELEMENTARY TELECOMMUNICATION EXAMINATION GUIDE COVERING THE CITY AND GUILDS OF LONDON INSTITUTE EXAMINATION IN ELEMENTARY TELECOMMUNICATION PRACTICE AND TELECOMMUNICATION PRINCIPLES, 1958
